Регионална библиотека "Любен Каравелов" - Русе

Мумин и първият сняг (Запис номер 346843)

MARC детайли
000 -Лидер
Контролно поле с фиксирана дължина 01270nam a2200385 c 4500
003 - Код на организацията, давaща контролен номер
Контролно поле BLK
005 - Дата и час на последна редакция
Контролно поле 20250104121526.0
008 - Елементи от данни с фиксирана дължина
fixed length control field 180408b bul|||||r ||||||| ||bul||
010 ## - Наследен системен номер
LC control number KNG00085324000
020 ## - Международен стандартен номер на книга ISBN
Международен стандартен номер на книга ISBN 9786197455250
040 ## - Източник на каталожния запис
Идентификатор на билиотеката - собственик на записа BLK
041 ## - Код за език
Код за езика на текст/звукозапис или на отделно заглавие Български
Код за езика КДБФ Български
080 ## - УДК
Текстов определител УДК Финландска литература
УДК код - определител по УДК 821.511.111
УДК определител -93-31
УДК - код + определител 821.511.111-93-31
100 1# - Редна дума - Автор
Автор Янсон, Туве
Авторска отговорност първи автор
R(LIN) 365645
139 ## - Редно поле
Редна дума Янсон, Туве
Авторски знак Янсо - Я 67
245 10 - Сведения за заглавието
Заглавие Мумин и първият сняг
Редно поле (дума) Туве Янсон; прев. Милена Милева - Фено; ил. Туве Янсон.
257 ## - Страна на издаване
Страна на създаване/издаване Финландия
260 ## - Област на издателските данни
Име на издателя, разпространителя и проч. Timelines
Година на издаване 2019
9 (RLIN) 392712
300 ## - Физическа характеристика
Страници 26 с.
Илюстрации и др. с ил.
Размери/Мащаб 27 см
380 ## - Жанр
Жанр Детска худож. лит.
653 ## - Ключова дума – ненормативна
Ключова дума романи
653 ## - Ключова дума – ненормативна
Ключова дума литература за деца
653 ## - Ключова дума – ненормативна
Ключова дума детска литература
700 ## - Други автори (авторска отговорност)
Лично име Милева-Фено, Милена Маринова
Автороска отговорност (Описва отношението между автора и произведението) прев.
9 (RLIN) 401109
852 ## - Местоположение
Фондова буква Детски отдел
Систематично-азбучна сигнатура ДХ 820/899/Я 67
856 4# - Електронен адрес и достъп
Електронен формат pdf - файл
856 4# - Електронен адрес и достъп
Електронен формат pdf - файл
999 ## - СИСТЕМНИ КОНТРОЛНИ НОМЕРА
Koha biblionumber 346843
Koha biblioitemnumber 346843
942 ## - АРТИКУЛИ
Вид на библиотечния материал Книги
Скрит в OPAC Не
Koha issues (borrowed), all copies 76
Периодичен библиозапис Да
944 ## - СЪЗДАВАНЕ И РЕДАКЦИЯ на ЗАПИСА
Създаване/Редакция Създаване
Дата на регистрацията/редакция 2019-12-03
Статус, дата на статуса Севдалина Тодорова
Служител, извършил регистрацията/редакцията 30540
944 ## - СЪЗДАВАНЕ И РЕДАКЦИЯ на ЗАПИСА
Създаване/Редакция Редакция
Дата на регистрацията/редакция 2019-12-03
Статус, дата на статуса 2019-12-03
999 ## - СИСТЕМНИ КОНТРОЛНИ НОМЕРА
Koha biblioitemnumber 346843
999 ## - СИСТЕМНИ КОНТРОЛНИ НОМЕРА
Koha biblioitemnumber 346842
999 ## - СИСТЕМНИ КОНТРОЛНИ НОМЕРА
Koha biblioitemnumber 346842
999 ## - СИСТЕМНИ КОНТРОЛНИ НОМЕРА
Koha biblioitemnumber 80832
Наличности
Код за отписване Код за изгубен артикул Източник на класификационната схема Код за повреда Коз за рестрикции Код за отдаване Артикулен № Име на библиотеката - собственик Име на библиотеката, в която се намира в момента Статус (Текущо местоположение) Дата на вписване в системата Местоположение - отдел Цена в лева Систематично азбучна сигнатура Баркод Цена в евро Служебен тип на артикула
  Не е изгубен Universal Decimal Classification Не е повреден без рестрикции заемане за дома 751394 Регионална библиотека "Любен Каравелов" Русе Регионална библиотека "Любен Каравелов" Русе Детски отдел 2019-12-09 Детски отдел 12.00 ДХ 820/899/ Я 67 120000838190 6.14 Книги
  Не е изгубен Universal Decimal Classification Не е повреден без рестрикции заемане за дома 751395 Регионална библиотека "Любен Каравелов" Русе Регионална библиотека "Любен Каравелов" Русе Детски отдел 2019-12-09 Детски отдел 12.00 ДХ 820/899/ Я 67 120000838191 6.14 Книги
  Не е изгубен Universal Decimal Classification Не е повреден без рестрикции заемане за дома 753378 Регионална библиотека "Любен Каравелов" Русе Регионална библиотека "Любен Каравелов" Русе Детски отдел 2020-01-09 Детски отдел 12.00 ДХ 820/899/Я 67 120000841014 6.14 Книги
  Не е изгубен Universal Decimal Classification Не е повреден без рестрикции заемане за дома 753379 Регионална библиотека "Любен Каравелов" Русе Регионална библиотека "Любен Каравелов" Русе Детски отдел 2020-01-09 Детски отдел 12.00 ДХ 820/899/Я 67 120000841013 6.14 Книги
  Не е изгубен Universal Decimal Classification Не е повреден без рестрикции заемане за дома 753380 Регионална библиотека "Любен Каравелов" Русе Регионална библиотека "Любен Каравелов" Русе Детски отдел 2020-01-09 Детски отдел 12.00 ДХ 820/899/Я 67 120000841011 6.14 Книги
  Не е изгубен Universal Decimal Classification Не е повреден без рестрикции заемане за дома 753381 Регионална библиотека "Любен Каравелов" Русе Регионална библиотека "Любен Каравелов" Русе Детски отдел 2020-01-09 Детски отдел 12.00 ДХ 820/899/Я 67 120000841012 6.14 Книги
  Не е изгубен Universal Decimal Classification Не е повреден само за читалня ползва се в читалня 756018 Регионална библиотека "Любен Каравелов" Русе Регионална библиотека "Любен Каравелов" Русе Хранилище 2020-02-28 Хранилище 16.00 Цб ІІ 24904 120000842925 8.18 Книги
Vip Innovations Ltd, Rousse, Bulgaria 2025